00529nam a22002177a 450000500170000001000110001702000100002803500110003803700170004904000120006608200180007810000210009624500450011725000110016226000420017327000140021530000200022950000200024965000260026965000160029520170124110015.0 a904026 c10.25 a904026 bCen Lib/ Ret aDPLbEN a301.243bCHA  aChatterjee, R.K. aMass communication /cby R.K. Chatterjee a2nd ed aNew DelhibNational book trust c1973 bNew Delhi a198p.c18cm(Hb) aIncludes index  aMass communicationx  aMass media